Generala [juego] /

Guardado en:
Formato: Objeto Físico
Publicado: Argentina : Ruibal, [199?]
Materias:
Etiquetas: Agregar Etiqueta
Sin Etiquetas, Sea el primero en etiquetar este registro!
LEADER 00842nrm a22002175g 4500
001 CEM.cems019182
008 130507b199?##################0###0#####d
005 20220829203125.0
003 CEMS
245 0 0 |a Generala [juego] /  |c Ruibal 
260 |a Argentina :  |b Ruibal,  |c [199?] 
300 |a 1 juego (1 cubilete, 5 dados) ; en caja 8 x 8 x 10 cm. 
500 |a Para 2 o más jugadores o parejas a partir de 10 años. 
082 0 4 |a J795.1 
653 |a 1. juegos de dados 
653 |a I.ruibal 
653 |a Ii.http://www.ruibalgames.com/reglamentos_juegos/reglamento_codigo_1160.pdf 
859 |a CEMS  |b BIB. CEMS - Ludoteca  |h J795.1  |i R858  |p 083.92  |t Ej.1 
859 |a CEMS  |b BIB. CEMS - Ludoteca  |h J795.1  |i R858  |p 084.92  |t Ej.2 
859 |a CEMS  |b BIB. CEMS - Ludoteca  |h J795.1  |i R858  |p 085.92  |t Ej.3 
859 |a CEMS  |b BIB. CEMS - Ludoteca  |h J795.1  |i R858  |p 086.92  |t Ej.4